000 00772nam a2200265Ia 4500
008 160803s9999 xx 000 0 und d
020 _a9780545112864
100 _aMayr, Diane
245 _aRun, Turkey run /
245 _cDiane Mayr ; illustrations by Laura Rader.
260 _aNew York :
260 _bScholastic Inc.
260 _c2007
300 _a1 volume (unpaged) :
300 _bcolor illustrations ;
300 _c21 x 26 cm
500 _a"This edition is available for distribution only through the school market"--Page 4 of cover.
650 _aFarm life --
650 _aThanksgiving Day --
650 _aTurkeys --
650 _xJuvenile fiction.
650 _xJuvenile fiction.
650 _xJuvenile fiction.
700 _a400
999 _c299255
_d299255